Mulan "comme un homme" paroles - Statistiques

Statistiques générales
  • Ce quiz a été pris 241 fois
  • Le résultat moyen est 234 sur 277
Statistiques - réponses
Hint Réponse % Correct
132 | 143 | 152 | +5 others homme
98%
19 un.
98%
131 | 142 | 151 | +5 others un
98%
237 d'
97%
81 J'
97%
2 | 55 | 168 | 277 l'
97%
137 | 157 | 227 | 266 le
97%
112 s'
97%
38 | 41 | 66 | +10 others de
96%
8 M'
96%
15 | 61 | 95 n'
96%
43 | 130 | 211 Comme
95%
141 | 150 | 162 | +7 others comme
95%
14 | 94 | 119 | 202 Je
95%
35 | 73 | 126 je
95%
6 | 100 | 109 | +8 others les
95%
170 Les
95%
63 qu'
95%
16 | 50 | 117 | 122 en
93%
53 En
93%
18 | 97 pas
93%
129 pas.
93%
24 | 136 | 147 | +6 others que
93%
25 | 159 | 197 | +2 others des
92%
83 | 98
92%
139 | 248 du
92%
31 | 48 | 70 | +2 others et
92%
22 | 134 | 145 | +7 others plus
92%
20 | 60 | 188 Vous
92%
42 | 80 | 201 | 210 vous.
92%
57 | 185 vous
92%
40 | 78 | 208 hommes
91%
198 hommes,
91%
113 il
90%
4 | 92 pour
90%
29 | 86 au
89%
116 fille
89%
39 | 77 | 207 vrais
89%
21 | 62 êtes
88%
7 Huns.
88%
175 Huns
88%
37 | 75 | 205 faire
87%
101 | 138 | 247 cours
86%
127 | 176 | 189 | 203 ne
86%
96 aurai
85%
44 | 115 la
85%
106
85%
17 vois
85%
64 une
84%
158 | 228 | 267 feu
83%
10 ils
83%
65 bande
82%
26 fillettes
82%
107 leur
82%
84 me
82%
93 | 118 moi.
82%
169 | 278 Orient.
82%
238 Orient
82%
133 | 144 | 153 | +5 others sois
82%
140 | 249 torrent
82%
27 | 124 mais
81%
68 | 111 Mais
81%
9 ont
81%
1 Attaquons
80%
3 exercice
80%
13 fils ?
80%
12 leurs
80%
36 | 74 saurai
80%
160 volcans.
80%
230 | 269 volcans
80%
5 défaire
79%
11 donné
79%
72 tout,
79%
121 tout
79%
103 gym.
78%
149 | 219 | 258 ouragans
78%
82 aurais
76%
67 femmelettes.
76%
166 | 236 | 275 lune
76%
99 sécher
76%
23 fragiles
75%
85 mettre
75%
89 tous
75%
90 mes
74%
164 | 234 | 273 nuits
74%
87 régime.
74%
177 sont
74%
135 | 244 violent
74%
46 qui
73%
71 contre
72%
128 sais
72%
58 | 191 serez
72%
91 amis
71%
155 | 225 | 264 ardent
71%
146 | 216 | 255 puissant
71%
179 très
71%
171 jours
70%
180 loin.
70%
33 par
69%
51 plein
69%
52 coeur.
68%
69 envers
68%
45 flèche
68%
172 passent
68%
114 voyait
68%
120 suis
67%
32 coup
66%
34 coup,
66%
56 équilibre
65%
123 nage
65%
204 peux
65%
161 Secret
64%
231 | 270 secret
64%
54 trouvant
64%
200 chez
63%
49 frappe
63%
192 jamais
63%
59 vainqueurs.
63%
104 Ce
62%
195 forts
62%
183 mon
62%
199 rentrez
62%
125 nager
60%
184 chemin,
59%
182 bien
57%
193 vaillants
57%
187 demain.
56%
105 gars
56%
47 vibre
55%
181 Suivez
54%
186 vivrez
53%
30 bout
47%
108 flanque
45%
28 jusqu'
44%
88 Saluez
43%
110 fois
32%
Aucun quiz correspondant
Distribution des résultats
% des personnes avec chaque résultat
Percentile par nombre de réponses
Votre historique - résultats
Vous n’avez pas pris ce quiz